| 000 | 00000nam##2200000za#4500 |
| 001 | 9.696917 |
| 003 | CaOODSP |
| 005 | 20250506145324 |
| 007 | cr ||||||||||| |
| 008 | 150407|1987||||xxc|||||o f|0| 0 eng|d |
| 040 | |aCaOODSP|beng |
| 043 | |an-cn--- |
| 086 | 1 |aA15-1814/1987E-PDF |
| 110 | 1 |aCanada.|bAgriculture Canada. |
| 245 | 10|aEnergy-conserving urban greenhouses for Canada : |h[electronic resource]|bconstruction and management |
| 260 | |aOttawa - Ontario : |bAgriculture Canada |c1987. |
| 300 | |a84p.|bfigs., tables, photographs, index |
| 500 | |aPublication 1814E. The catalogue number (A15-1814/1987E) and ISBN (0-660-12126-3) for the print edition have been copied in this electronic publication. Historical publication digitized by Agriculture and Agri-Food Canada. |
| 504 | |aBibliography. |
| 590 | |a12-42-Supp|b2012-11-21 |
| 690 | 07|aEnergy conservation|2gcpds |
| 690 | 07|aGreenhouses|2gcpds |
| 775 | 08|tLes économies d'énergie dans les serres urbaines au Canada : |w(CaOODSP)9.640996 |
| 856 | 40|ahttp://publications.gc.ca|qPDF|s6.01 MB|uhttps://publications.gc.ca/collections/collection_2012/agr/A15-1814-1987-eng.pdf |